Les noms de chatte les plus donnés - Statistiques

Statistiques générales
  • Ce quiz a été pris 53 fois
  • Le résultat moyen est 2 sur 10
Statistiques - réponses
Hint Réponse % Correct
2 Minette
50%
1 Nala
40%
8 Mia
24%
10 Princesse
24%
7 Luna
18%
4 Maya
8%
5 Caline
6%
9 Isis
6%
3 Plume
6%
6 Chipie
4%
Aucun quiz correspondant
Distribution des résultats
% des personnes avec chaque résultat
Percentile par nombre de réponses
Votre historique - résultats
Vous n’avez pas pris ce quiz